000 01007nam0a22002291 4500
001 rc\2594511
005 20260407052206.0
035 _a(NLR Aleph) 006758695
090 _a5821159
_c5821159
100 _a20110914d1929 |||y0rusy50 ca
101 0 _arus
102 _aRU
105 _ay z |||||
200 1 _aК слету пионеров Ульяновского округа
_eМатериалы и указания Окружного штаба по проведению слета пионеров
210 _aУльяновск
_cОкрштаб по проведению слета при ОК ВЛКСМ
_d1929
_gтипо-лит. № 1 Коммунтреста
215 _a9 с.
_d21х12 см.
710 0 2 _aВсесоюзная пионерская организация им. В.И.Ленина
_bУльяновский окр. штаб слета
_9541240
_3RU\NLR\AUTH\8810021685
801 0 _aRU
_bNLR
_gpsbo
801 1 _aRU
_bELAR
_2rusmarc
852 _aNLR
_j82/690
942 _cBOOK
980 _aNB